000 01063nam a22003257a 4500
001 0000671
003 KOHA_MİRAKIL
005 20260207001216.0
007 ta
008 081212b2004 tu |||gr||||#||||0|tur |
020 _a9758624989
_cYTL26,69
040 _aTR-BiSEU
_btur
_cTR-BiSEU
_erda
041 0 _atur
044 _ctu
050 _aQD453.2
_b.M67 2004
100 1 _aMortimer, Robert G..
240 1 0 _aphysical chemistry
_lTürkçe
245 1 _aFizikokimya II =
_b physical chemistry/
_cRobert G. Mortimer ; G. Robert Mortimer ; çeviri editörleri Oya Şanlı, Halil İbrahim Ünal.
264 1 _aAnkara :
_bPalme Yayıncılık
_c2004
300 _a2 c. ;
_c28 cm.
336 _ametin
_btxt
_2rdacontent
337 _aaracısız
_bn
_2rdamedia
338 _acilt
_bnc
_2rdacarrier
490 1 _aPalme yayınları ;
_v289.
500 _aDizin var.
650 0 _aKimya, fiziksel ve teorik--Deneyler.
_93025
650 0 _aChemistry, Physical and theoretical--Experiments.
_93026
830 1 _aPalme yayınları ;
_v289.
_92910
942 _2lcc
_cBK
999 _c671
_d671